|
|
|
|
| LEADER |
00000cam a2200000 a 4500 |
| 001 |
40263 |
| 003 |
Ucuenca |
| 005 |
20231017080111.0 |
| 008 |
000000|1972 ec |||||r|||||||||||spa|| |
| 040 |
|
|
|b spa
|
| 041 |
0 |
|
|a spa
|
| 082 |
0 |
|
|a E861.4
|
| 100 |
1 |
|
|a Moreno Heredia, Eugenio.
|d 1926-1997
|9 5114
|
| 245 |
|
|
|a Sólo el hombre
|c Eugenio Moreno Heredia
|h imp
|
| 264 |
|
|
|a Cuenca
|b s.e
|c 1972
|
| 300 |
|
|
|a 111 páginas:
|c 20 cm
|
| 650 |
|
7 |
|a Poesía ecuatoriana
|9 618
|
| 852 |
|
|
|a UC-CDJBV
|f Donación
|l 1
|m General
|p 00000000
|r 8
|t 40263
|b 0
|d CDRC
|e CDRC
|g E861.4 TERCER PISO
|z 0000-00-00
|
| 942 |
|
|
|c BK
|2 ddc
|
| 999 |
|
|
|c 1717
|d 1717
|